00865pam a2200253 a 4500001000500000005001700005020001500022040002300037050002100060082000900081100004000090245007300130250004300203260003600246300004800282490001900330505000800349520012100357521002000478521002000498650003000518650002900548700003400577385020240516161742.0 a0516238566 aDLCcDLCdDLCbeng00aPZ7.J63416b199900a160 1 aJohnson, Mildred Dq(Mildred Dawes)10aWait, skates! /cby Mildred Johnson ; illustrated by Rick Stromoski. aFirst Scholastic prinitng , April 2002 aNew York :bScholastic ; c1999 a31 pages : bcolor illustrations ; c18 cm. aRoukie Readers aD  aA child putting on in-line roller skates for the first time must make them wait until they are ready to go straight. a180 bLexile  aD bRaz-Plus  1aIn-line skatingxFiction. 1aRoller skatingxFiction.1 aStromoski, Rickeillustrator